Utilization of solid biomass waste through co-pyrolysis with coal

Podrobná bibliografia
Hlavní autori: Čermáková, Petra (Author), Buchtele, Jaroslav (Author)
Médium: Článok
Jazyk:English
Témy:
ISBN: 8070787651
Zdroj: 1. 5th Conference on environment and mineral processing, part I 1. Ostrava : Vysoká škola báňská - Technická univerzita, 2000 1. 8070787651 1. S. 19-25
LEADER 01042nab#a2200349#ar4500
001 000097584
003 SVKKK
005 20091023145733.0
008 080509c2000 xr |||||||||||||||b|eng
FMT
015 |a SNBRA2009/09 
038 |a SVKKK 
040 |a SVKKK  |b slo  |e AACR2 
041 0 |a eng  |b eng 
044 |a xr  |c CZ 
080 |a 628.474.36  |2 1997 
100 1 |a Čermáková, Petra  |4 aut 
242 1 0 |a Využívanie tuhej odpadovej biomasy formou kopyrolýzy s uhlím 
245 1 0 |a Utilization of solid biomass waste through co-pyrolysis with coal  |c Petra Čermáková, Jaroslav Buchtele 
300 |b Obr., tab. 
504 |a Bibliogr. odkazy 
546 |a Res. angl. 
650 0 4 |a kopyrolýza uhlia  |x biomasa 
700 1 |a Buchtele, Jaroslav  |4 aut 
773 0 |t 5th Conference on environment and mineral processing, part I  |d Ostrava : Vysoká škola báňská - Technická univerzita, 2000  |z 8070787651  |g S. 19-25 
958 |a NB 
974 |a Ni 
992 |a RZB 
BAS
852 |a SVKKK  |b BIB 
EXP
998 |a BAN